000 00414nam a2200157Ia 4500
008 230917s9999||||xx |||||||||||||| ||und||
040 _e80685
_aMAIN
041 _aEnglish
082 _a658.3 M311P
100 _aMemoria, C B
245 0 _aPersonnel management: management of human resources
250 _a12th ed.
260 _aBombay
_bHimalaya Publishing House
_c1943
300 _axiii, 978 p.
942 _cBK
999 _c84041
_d84041